000 00880nam a2200241Ia 4500
003 OSt
005 20221005133634.0
006 a|||||r|||| 00| 0
007 ta
008 221004b |||||||| |||| 00| 0 hin d
024 _a60266
037 _cTextual
040 _aCRL
_cCRL
_bhin
041 _2hin
_ahin
082 _aO152,6N06:g, M6
100 _aसिंह, विनोदिनी
245 0 _aविविध विधाओं के प्रतिनिधि साहित्यकार
_b डा हजारी प्रसाद द्विवेदी
246 _aVividh vidhāoan ke pratinidhi sāhityakāra: ḍā hajārī prasād dvivedī
260 _c1986
650 _aहिन्दी साहित्य
942 _hO152,6N06:g, M6
_cTEXL
_2cc
999 _c1067405
_d1067405